000 00742nam a2200253Ia 4500
003 OSt
005 20220925224124.0
006 a|||||r|||| 00| 0
007 ta
008 220923b |||||||| |||| 00| 0 eng d
020 _a9780367775599
037 _cGeneral Book
040 _aRTL
_cRTL
_beng
041 _2eng
_aeng
082 _aX:77, R1
100 _aBASU Deepankar
_9290831
245 0 _aConflict, demand and economic development
_b Essays in honour of Amit Bhaduri
260 _aLondon
_bRoutledge
_c2021
300 _axv,341p
_ccm.
490 _aUrban Challenges; vol.1
700 _a DAS Debarshi
_9290832
942 _hX:77, R1
_cGB
_2CC
999 _c580888
_d580888